00834nam a22001817a 4500003000900000008004100009040007100050082002400121100002300145245015600168260004000324300002900364505016700393650001600560650003000576650002300606650002300629AR-CdUCM190305b ||||| |||| 00| 0 spa d aMUNICIPALIDAD PROVINCIAL DEL CUSCOcBIBLIOTECA MUNICIPAL DEL CUSCO a372.6/G26/1805bG26 aGarcía, Santiago aInstituciones sobre la crianza física de los niños expósitos :bobra interesante a toda madre zelosa [celosa] de la conservación de sus hijos / aMadrid ;bVega y Compañia,c1805. a220 Páginas. :c14 cm. aContenido: Del sitio y disposición de las inclusas -- Del número de facultativos que deben tener las inclusas grandes sus obligaciones y de los asistentes ... aEducación aInicios de la pediatría aRelaciones humanas aCuidado de niños